000 00501nam a2200193Ia 4500
005 20250326143231.0
008 250326s9999 xx 000 0 und d
037 _aTextbook
040 _aFMSL
_beng
_cFMSL
041 _aeng
_2eng
084 _aX:8D P4
_qFMSL
100 _aShim J K
245 0 _aFicial management
_cShim J K; Siegel J G
250 _aEd 2
260 _aDelhi
_bDelhi, Tata McGraw Hill
_c2004
300 _a482p
942 _cTB
_hX:8D P4
999 _c1298707
_d1298707